000 01024nam a22002537a 4500
001 48059
003 BD-RjUL
005 20211209054442.0
008 160811s2011 bg ||||| |||| 00| 0 ben d
020 _a9789840414161
_c: TK 1000.00
035 _a(BD-RjUL)48178
040 _aBD-RjUL
_bben
_cBD-RjUL
041 _aben
082 _223
_a891.444
_bGUO 2011
100 _aগুপ্ত, সন্তোষ
_9121441
245 1 0 _aঅনিরুদ্ধের কলাম :
_b১৯৭৮-১৯৯০ /
_c সন্তোষ গুপ্ত
260 _aঢাকা :
_bআগামী প্রকাশনী,
_c২০১১
300 _a৫১৯ পৃ. ;
_c২১ সেমি.
650 _aবাংলা প্রবন্ধ
_9145707
650 _aBengali Essays
_9145708
700 _aশাহেদ, সৈয়দ মোহাম্মদ, সম্পাদনা
_9120614
700 _aগুপ্ত, প্রিয়তোষ, সম্পাদক
_9145709
942 _2ddc
_cBK
999 _c48059
_d48059